|
|
|
|
| LEADER |
00987nam a2200229 a 4500 |
| 001 |
GR-MES436 |
| 008 |
991111s nyu 000 b eng d |
| 020 |
|
|
|a 0138757410
|
| 040 |
|
|
|a GrPaTEI
|b gre
|c GR-PaULI
|
| 245 |
0 |
0 |
|a Super course for the GMAT :
|b Τhe complete professional coaching program for total preparation and top scores.
|
| 250 |
|
|
|a 3η
|
| 260 |
|
|
|a New York :
|b An Arco Book :
|b Prentice Hall,
|c c1991
|
| 300 |
|
|
|a ix, 865σελ. :
|b εικ.,πιν.
|
| 650 |
|
4 |
|a ΜΑΘΗΜΑΤΑ-ΜΑΝΑΤΖΜΕΝΤ
|
| 650 |
|
4 |
|a ΜΑΝΑΤΖΜΕΝΤ-ΜΑΘΗΜΑΤΑ ΕΞΕΤΑΣΕΩΝ
|
| 650 |
|
4 |
|a ΜΑΝΑΤΖΜΕΝΤ-ΤΕΣΤ ΕΞΕΤΑΣΕΩΝ
|
| 700 |
1 |
|
|a Martinson, Thomas
|
| 710 |
0 |
|
|a An Arco Book
|
| 942 |
|
|
|2 ddc
|
| 952 |
|
|
|0 0
|1 0
|2 ddc
|4 0
|6 650_076000000000000_MAR
|7 0
|9 263673
|a MSLG
|b MSLG
|c BSC
|d 2021-01-17
|e 24
|f 0
|g 0.00
|l 0
|o 650.076 MAR
|p 2420000003388
|r 2021-01-17 00:00:00
|t 1
|w 2021-01-17
|y BK15
|x 19991111 0 1
|x GrPaTEI
|
| 971 |
|
|
|a .b25714776
|b 15-04-20
|c 13-09-16
|
| 999 |
|
|
|c 151808
|d 151808
|